000 00600nam a22002171c 4500
001 a987674534
008 151002s2004 gw |||| 000u ger d
020 _a3486488910
_93-486-48891-0
041 _ager
100 1 _aGall, Lothar
245 0 0 _aEuropa auf dem Weg in die Moderne :
_b1850 - 1890 /
_cvon Lothar Gall
264 _aMünchen [u.a.] :
_bOldenbourg,
_c2004
300 _aIX, 327 S. : Kt
650 0 _aLiberalismus
650 0 _aImperialismus
651 0 _aEuropa
942 _cMG
040 _cRU-10907106
003 RU-10907106
999 _c37946
_d37946
490 0 _aOldenbourg-Grundriß der Geschichte
_v14